Wszyscy strzelcy bramek dla reprezentacji Polski w historii Euro. - Statystyki

Ogólne statystyki
  • Ten quiz został rozwiązany 24 razy
  • Średni wynik to 13 z 14
Statystyki odpowiedzi
Odpowiedź % Poprawnych
Robert Lewandowski
100%
Robert Lewandowski
100%
Robert Lewandowski
100%
Robert Lewandowski
100%
Robert Lewandowski
100%
Robert Lewandowski
100%
Arkadiusz Milik
96%
Jakub Błaszczykowski
96%
Jakub Błaszczykowski
96%
Jakub Błaszczykowski
96%
Adam Buksa
88%
Krzysztof Piątek
88%
Karol Linetty
71%
Roger Guerreiro
71%
Nie znaleziono quizów pasujących do podanych kryteriów
Rozkład punktacji
Procent ludzi z każdym wynikiem
Percentyl według liczby udzielonych odpowiedzi
Twoja historia wyników
Nie rozwiązałeś tego quizu